4-Letter Capitals Giant Word Ladder Quiz Stats

Quiz Updated Nov 9, 2016

Challenge
Share
Tweet
Embed
Score 0/75 Timer 08:00
10 Plays Today
Clue 4-Letter Word % Correct
★ Capital of Norway ★OSLO
90.9%
3, in SpanishTRES
90.8%
The largest continentASIA
90.2%
★ Capital of Italy ★ROME
86.6%
Green citrus fruitLIME
86.1%
'Little ___ Sunshine'MISS
85.5%
Movie about a talking pigBABE
84.8%
★ Capital of Peru ★LIMA
84.4%
Basis of dairy productsMILK
83.9%
Disney's '___ and Stitch'LILO
83.3%
Golf ball holdersTEES
82.8%
5280 feetMILE
82.1%
Greek war godARES
82%
'Venus de ___'MILO
81.7%
Some primatesAPES
81.1%
Springsteen's '___ to Run'BORN
80.6%
Very large stringed instrumentBASS
80.2%
★ Capital of Switzerland ★BERN
80.1%
Washed-up person: 'has-___'BEEN
79.9%
Nickname for singer StreisandBABS
79.4%
Hawaiian danceHULA
76.9%
A coating of frostRIME
74.6%
Unsharp, like a knifeDULL
74.6%
Texas-based PC companyDELL
73.5%
Desirable mammal furMINK
73.3%
Hardy's '___ of the d'Urbervilles'TESS
72.9%
Harry Truman's wifeBESS
72.1%
Nickelodeon's toon explorerDORA
71.5%
A place to eat a ham on ryeDELI
71.3%
Thousandths of an inchMILS
70.7%
Cómo ___ usted?ESTÁ
69.6%
NerdDORK
68.6%
★ Capital of Togo ★LOMÉ
66.9%
Peat is made of thisMOSS
66.6%
Hockey great Bobby or BrettHULL
66.4%
'___ duck president'LAME
64.3%
Brass instrumentTUBA
63.5%
Star Wars' ___ FettBOBA
63.2%
Clue 4-Letter Word % Correct
★ Capital of Ukraine* ★KIEV
62.5%
Swedish Chef's interjectionBÖRK
62.2%
'Of course' in French: '___ sûr'BIEN
61.8%
Dog in 'The Thin Man'ASTA
60.7%
★ Capital of Qatar ★DOHA
59.2%
___ buco, Italian veal dishOSSO
57.6%
★ Capital of the Maldives ★MALÉ
56.8%
Homer Simpson criesDOHS
55.9%
Auntie of musical fameMAME
54.9%
Scale for rock hardnessMOHS
51.3%
★ Capital of Latvia ★RIGA
50.8%
Standard Oil, in CanadaESSO
50.7%
★ Capital of Samoa ★APIA
49.3%
'Dracula' heroine HarkerMINA
47.4%
When doubled, island near TahitiBORA
47.2%
'Scream' actor SchreiberLIEV
47%
Sacred Egyptian bullAPIS
46.3%
A sellable mortgage securityLIEN
46.1%
★ Capital of East Timor ★DILI
45.8%
Italian royal familyESTE
45.5%
Italian actress LollobrigidaGINA
44.8%
Turkish currency unitLIRA
44.6%
1953 Leslie Caron filmLILI
43.2%
Prefix for 1,000,000,000GIGA
43%
To be, in LatinESSE
42.9%
Hindu equivalent of Mr.BABU
38.1%
★ Capital of South Sudan ★JUBA
36.8%
Dr. Zhivago's love LARA
35.3%
★ Capital of Azerbaijan ★BAKU
35.2%
MLB's ChamberlainJOBA
35%
Silent film actress ThedaBARA
31.6%
Indian musical styleRAGA
26.7%
★ Capital of Fiji ★SUVA
26.6%
Uncommon thing: '___ avis'RARA
26.3%
Novel by Toni MorrisonSULA
25.3%
Home of the throat singersTUVA
24.5%
Cameroon ethnic groupBAKA
22.2%

You're not logged in!

Compare scores with friends on all Sporcle quizzes.
Join for Free
OR
Log In

You Might Also Like...

Show Comments

Extras

Top Quizzes Today


Score Distribution

Your Account Isn't Verified!

In order to create a playlist on Sporcle, you need to verify the email address you used during registration. Go to your Sporcle Settings to finish the process.

Report this User

Report this user for behavior that violates our Community Guidelines.

Details: